00763nam a22002537a 4500003000400000005001700004008004100021010001300062020002100075035001300096037001600109040001500125082001500140100002200155245007900177260003200256270005700288300002400345500005100369650001900420650003200439700002200471700001600493dpl20181129175953.0181129b ||||| |||| 00| 0 eng d aB-120802B c00.00a817273140 aB-120802 bCen Lib/Ret aDPLbENc0 a374.4bTAL aTalesra, Hemlata  aWeb-based learning /cby Hemlata Talesra, Wasef Marashdeh [and] M L Nagda  aDelhi bAuthorspress c2003 bDelhi aE-35/103, jawahar park, laxmi nagar e110002 avi, 237p.c21cm(Hb) aIncludes bibliographical references and index  aWeb education  aEvaluation of web learning  aMarashdeh, Wasef  aNagda, M L